80 ปี วันสันติภาพไทย : (ระเบียนเลขที่ 107164)
| 000 -LEADER | |
|---|---|
| fixed length control field | 03009nam a2200277 4500 |
| 003 - CONTROL NUMBER IDENTIFIER | |
| control field | NALT |
| 005 - DATE AND TIME OF LATEST TRANSACTION | |
| control field | 20250903141800.0 |
| 008 - FIXED-LENGTH DATA ELEMENTS--GENERAL INFORMATION | |
| fixed length control field | 250901b th ||||| |||| 00| 0 tha d |
| 020 ## - INTERNATIONAL STANDARD BOOK NUMBER | |
| International Standard Book Number | 9786164885004 |
| 040 ## - CATALOGING SOURCE | |
| Original cataloging agency | NALT |
| 050 ## - LIBRARY OF CONGRESS CALL NUMBER | |
| Classification number | PN 1995.9.P6 |
| Item number | ป818 2568 |
| 245 10 - TITLE STATEMENT | |
| Title | 80 ปี วันสันติภาพไทย : |
| Remainder of title | "พระเจ้าช้างเผือก" มรดกความทรงจำแห่งโลก / |
| Statement of responsibility, etc. | บรรณาธิการ, กษิดิศ อนันทนาธร ; มหาวิทยาลัยธรรมศาสตร์. |
| 250 ## - EDITION STATEMENT | |
| Edition statement | พิมพ์ครั้งแรก |
| 260 ## - PUBLICATION, DISTRIBUTION, ETC. | |
| Place of publication, distribution, etc. | กรุงเทพฯ : |
| Name of publisher, distributor, etc. | มหาวิทยาลัยธรรมศาสตร์, |
| Date of publication, distribution, etc. | 2568. |
| 300 ## - PHYSICAL DESCRIPTION | |
| Extent | 149 หน้า : |
| Other physical details | ภาพประกอบ ; |
| Dimensions | 21 ซม. |
| 505 0# - FORMATTED CONTENTS NOTE | |
| Formatted contents note | คำนำ -- คำปรารภ -- ภาพยนตร์กับการเมือง สงครามกับสันติภาพ / ชาญวิทย์ เกษตรศิริ -- ศาสตร์แห่งพระราชาของพระเจ้าจักรา: อุดมคติทางการเมืองของสันติภาพในนวนิยายเรื่อง "พระเจ้าช้างเผือก" ของปรีดี พนมยงค์ / เขมภัทร ทฤษฎิคุณ -- ช้างกับชาติยุคคณะราษฎรมองผ่านภาพยนตร์ "พระเจ้าช้างเผือก" / นริศ จรัสจรรยาวงศ์ -- "พระเจ้าช้างเผือก" ในสายตาของนักวิจารณ์ภาพยนตร์ชาวอเมริกัน และผู้ชมชาวฟิลิปปินส์ / อาชญาสิทธิ์ ศรีสุวรรณ -- ภาพยนตร์ "พระเจ้าช้างเผือก" และเอกสารจดหมายเหตุ ได้รับการขึ้นทะเบียนเป็นมรดกความทรงจำแห่งโลก / สัณห์ชัย โชติรสเศรณี -- เอกสารการขึ้นทะเบียน "พระเจ้าช้างเผือก" มรดกความทรงจำแห่งโลก. |
| 650 #4 - SUBJECT ADDED ENTRY--TOPICAL TERM | |
| Topical term or geographic name entry element | ภาพยนตร์ |
| Geographic subdivision | ไทย |
| General subdivision | แง่การเมือง |
| 9 (RLIN) | 30616 |
| 653 #4 - INDEX TERM--UNCONTROLLED | |
| Uncontrolled term | พระเจ้าช้างเผือก (ภาพยนตร์) |
| 700 0# - ADDED ENTRY--PERSONAL NAME | |
| Personal name | กษิดิศ อนันทนาธร. |
| 9 (RLIN) | 24030 |
| 710 2# - ADDED ENTRY--CORPORATE NAME | |
| Corporate name or jurisdiction name as entry element | มหาวิทยาลัยธรรมศาสตร์ |
| 9 (RLIN) | 40005 |
| 942 ## - ADDED ENTRY ELEMENTS (KOHA) | |
| Source of classification or shelving scheme | Library of Congress Classification |
| Koha item type | General Book |
| 996 ## - STAFF PROCESSING RECORDS (NALT) | |
| Staff name | jidapa.t |
| Staff type | ACQSTF |
| Acquisition or Cataloging date | 2025-09-01 |
| 996 ## - STAFF PROCESSING RECORDS (NALT) | |
| Staff name | varee.k |
| Staff type | LIBSTF |
| Acquisition or Cataloging date | 2025-09-02 |
| 996 ## - STAFF PROCESSING RECORDS (NALT) | |
| Staff name | saiphon.d |
| Staff type | CATSTF |
| Acquisition or Cataloging date | 2025-09-03 |
| 998 ## - STAFF NAME (NALT) | |
| -- | 104 |
| -- | นางสาวสายฝน ดีงาม |
| Withdrawn status | Lost status | Source of classification or shelving scheme | Damaged status | Not for loan | Collection code | Home library | Current library | Shelving location | Date acquired | Total Checkouts | Full call number | Barcode | Date last seen | Price effective from | Koha item type |
|---|---|---|---|---|---|---|---|---|---|---|---|---|---|---|---|
| Library of Congress Classification | General Book collection | National Assembly Library of Thailand | National Assembly Library of Thailand | General Book shelves | 01/09/2025 | PN 1995.9.P6 ป818 2568 | 3961215706 | 01/09/2025 | 01/09/2025 | General Book |
